000 00856na a2200253 4500
001 23708
003 MIRAKIL
005 20181213155258.0
008 171212b tu 000 0
040 _aMilas
_btur
_cTR-AnCHP
041 _atur
_aeng
082 _aATA 016.9561024092
_bA72 1968
090 _aATA 016.9561024092 A72 1968
245 _aAtatürk ve devrimleri tarihi bibliyografyası = Bibliography of the history of Atatürk and his reforms
_chazırlayan M. Muzaffer Gökman
250 _a2. bs.
260 _aİstanbul
_bMilli Eğitim Bakanlığı
_c1968
_fMilli Eğitim Basımevi
300 _a704 s.
_c24 sm.
440 _aAtatürk serisi
_vNo: 2
504 _aDizin var.
600 _aAtatürk, Mustafa Kemal
_xBibliyografyalar
650 _aTürkiye
_xTarih
_yBibliyografyalar
700 _aGökman, Muzaffer
_ehaz.
942 _2ddc
_cBKS
999 _c9865
_d9865